000 00376nam a2200145Ia 4500
008 230917s9999||||xx |||||||||||||| ||und||
040 _e50798
_aMAIN
041 _aEnglish
082 _a829.441 T129C
100 _aTagore, Rabindranath
245 0 _aCollected poems and plays of Rabindranath Tagore
260 _aLondon
_bMacmillan
_c1962
300 _a577 p.
942 _cBK
999 _c186197
_d186197